What happened to the Bhadralok / (Record no. 145986)

MARC details
000 -LEADER
fixed length control field 00820nam a22002177a 4500
005 - DATE AND TIME OF LATEST TRANSACTION
control field 20180713144952.0
010 ## - LCCN (DPL NO)
LC control number 1718EN-30 B-682343-344 ENG-123512
020 ## - INTERNATIONAL STANDARD BOOK NUMBER
International Standard Book Number 9789384082994
Terms of availability 1195.00
035 ## - SYSTEM CONTROL NUMBER
System control number B-682343-344 EN-107044
037 ## - SOURCE OF ACQUISITION
Source of stock number/acquisition Pragati
Stock number dpl
037 ## - SOURCE OF ACQUISITION
Source of stock number/acquisition DBAD/PUB.
082 ## - DEWEY DECIMAL CLASSIFICATION NUMBER
Classification number 305.550954
100 ## - MAIN ENTRY--PERSONAL NAME
Personal name Ghosh, Parimal
245 ## - TITLE STATEMENT
Title What happened to the Bhadralok /
Statement of responsibility, etc by Parimal Ghosh
260 ## - PUBLICATION, DISTRIBUTION, ETC. (IMPRINT)
Place of publication, distribution, etc Delhi
Name of publisher, distributor, etc Primus Books
Date of publication, distribution, etc 2016
270 ## - ADDRESS
Address Virat Bhawan, Mukherjee Nagar Commercial Complex
City Delhi
Postal code 110009
300 ## - PHYSICAL DESCRIPTION
Extent xii,200p.
Dimensions 23cm(Hb)
500 ## - GENERAL NOTE
General note Includes index
942 ## - ADDED ENTRY ELEMENTS (KOHA)
Source of classification or shelving scheme Dewey Decimal Classification
Item type English Books
Call number suffix GHO
Classification part 305.550954
Holdings
Withdrawn status Lost status Not for loan Collection code Home library Current library Date acquired Source of acquisition Cost, normal purchase price Full call number Barcode Copy number Cost, replacement price Koha item type
      Non-fiction Ashok Vihar Ashok Vihar 23/05/2018 Pragati/142/27.11.2017/672/20.11.2017/28.11.2017 1195.00 305.550954 GHO B-682344 1 1195.00 English Books
      Non-fiction Central Library Central Library 23/05/2018 Pragati/142/27.11.2017/672/20.11.2017/28.11.2017 1195.00 305.550954 GHO B-682343 1 1195.00 English Books
    Not For Loan Non-fiction D.B.Act.Division Patel Nagar 13/07/2018 DBAD/PUB 1195.00 305.550954 GHO EN-107044 1 1195.00 English Books

© Delhi Public Library
Hit Counter
free hit counter